[Event "Irena Warakomska Memorial 2019"]
[Site "Suwalki"]
[Date "2019.08.05"]
[Round "1"]
[White "Mulet, Piotr"]
[Black "Matviishen, Viktor"]
[Result "1/2-1/2"]
[Board "12"]
[WhiteElo "2244"]
[WhiteTitle "FM"]
[WhiteCountry "POL"]
[WhiteFideId "1106244"]
[WhiteEloChange "6"]
[BlackElo "2501"]
[BlackTitle "IM"]
[BlackCountry "UKR"]
[BlackFideId "14129850"]
[BlackEloChange "-3"]

1. e4 {[%clk 1:30:07]} c5 {[%clk 1:30:54]} 2. c3 {[%clk 1:30:23]} d5 {[%clk
1:31:15]} 3. exd5 {[%clk 1:30:43]} Qxd5 {[%clk 1:31:37]} 4. d4 {[%clk 1:31:09]}
Nf6 {[%clk 1:30:43]} 5. Nf3 {[%clk 1:31:25]} Bg4 {[%clk 1:30:47]} 6. Be2 {[%clk
1:31:50]} cxd4 {[%clk 1:23:24]} 7. cxd4 {[%clk 1:31:58]} e6 {[%clk 1:22:55]} 8.
O-O {[%clk 1:31:05]} Nc6 {[%clk 1:23:06]} 9. h3 {[%clk 1:30:51]} Bh5 {[%clk
1:19:27]} 10. Nc3 {[%clk 1:31:16]} Qd6 {[%clk 1:10:16]} 11. a3 {[%clk 1:31:04]}
Be7 {[%clk 1:07:06]} 12. Be3 {[%clk 1:23:31]} O-O {[%clk 1:06:54]} 13. Rc1 {[%clk
1:20:25]} Rfd8 {[%clk 1:05:08]} 14. Qb3 {[%clk 1:17:22]} a6 {[%clk 0:53:47]} 15.
Rfd1 {[%clk 1:10:01]} b5 {[%clk 0:51:49]} 16. d5 {[%clk 1:03:28]} Na5 {[%clk
0:36:02]} 17. Qa2 {[%clk 1:02:50]} Nxd5 {[%clk 0:33:20]} 18. Nxd5 {[%clk
0:57:42]} exd5 {[%clk 0:33:45]} 19. Rc5 {[%clk 0:46:09]} Nc4 {[%clk 0:32:05]} 20.
Rdxd5 {[%clk 0:41:52]} Qxd5 {[%clk 0:31:09]} 21. Rxd5 {[%clk 0:42:15]} Rxd5
{[%clk 0:31:36]} 22. Bxc4 {[%clk 0:42:29]} bxc4 {[%clk 0:32:03]} 23. g4 {[%clk
0:42:50]} Bg6 {[%clk 0:32:12]} 24. Qxc4 {[%clk 0:42:18]} Rad8 {[%clk 0:22:12]}
25. Nd4 {[%clk 0:34:04]} Bf6 {[%clk 0:22:08]} 26. Nc6 {[%clk 0:32:54]} Rd1+
{[%clk 0:22:33]} 27. Kh2 {[%clk 0:31:45]} Re8 {[%clk 0:08:46]} 28. g5 {[%clk
0:20:15]} Bd8 {[%clk 0:09:12]} 29. Nxd8 {[%clk 0:19:57]} Rexd8 {[%clk 0:09:40]}
30. Qxa6 {[%clk 0:19:54]} Be4 {[%clk 0:10:05]} 31. b4 {[%clk 0:19:39]} h5 {[%clk
0:06:02]} 32. gxh6 {[%clk 0:18:00]} Rh1+ {[%clk 0:05:12]} 33. Kg3 {[%clk
0:18:22]} Rg1+ {[%clk 0:05:37]} 34. Kf4 {[%clk 0:17:53]} Re8 {[%clk 0:05:14]} 35.
hxg7 {[%clk 0:17:00]} Rg6 {[%clk 0:05:11]} 36. Qc4 {[%clk 0:12:37]} Rf6+ {[%clk
0:03:37]} 37. Kg3 {[%clk 0:12:23]} Rg6+ {[%clk 0:04:01]} 38. Kf4 {[%clk 0:12:47]}
Rf6+ {[%clk 0:03:24]} 39. Kg3 {[%clk 0:13:06]} Rg6+ {[%clk 0:02:33]} 40. Kf4
{[%clk 0:43:27]} 1/2-1/2

[Event "Irena Warakomska Memorial 2019"]
[Site "Suwalki"]
[Date "2019.08.05"]
[Round "1"]
[White "Warakomski, Tomasz"]
[Black "Kubicka, Anna"]
[Result "0-1"]
[Board "13"]
[WhiteElo "2497"]
[WhiteTitle "GM"]
[WhiteCountry "POL"]
[WhiteFideId "1124552"]
[WhiteEloChange "-8"]
[BlackElo "2241"]
[BlackTitle "WIM"]
[BlackCountry "POL"]
[BlackFideId "1152254"]
[BlackEloChange "16"]

1. e4 {[%clk 1:30:57]} c5 {[%clk 1:30:25]} 2. Nf3 {[%clk 1:29:15]} d6 {[%clk
1:30:49]} 3. d4 {[%clk 1:29:07]} cxd4 {[%clk 1:31:12]} 4. Nxd4 {[%clk 1:29:34]}
Nf6 {[%clk 1:31:34]} 5. Nc3 {[%clk 1:30:00]} a6 {[%clk 1:32:00]} 6. f4 {[%clk
1:29:43]} e5 {[%clk 1:32:09]} 7. Nf3 {[%clk 1:30:08]} Nbd7 {[%clk 1:32:28]} 8. a4
{[%clk 1:30:33]} Qc7 {[%clk 1:32:42]} 9. Bd3 {[%clk 1:30:39]} Be7 {[%clk
1:32:52]} 10. O-O {[%clk 1:31:05]} O-O {[%clk 1:33:09]} 11. Qe2 {[%clk 1:25:38]}
Nc5 {[%clk 1:33:23]} 12. Bd2 {[%clk 1:13:00]} Bd7 {[%clk 1:33:17]} 13. b4 {[%clk
1:07:48]} Nxd3 {[%clk 1:31:12]} 14. cxd3 {[%clk 1:08:15]} exf4 {[%clk 1:25:28]}
15. Rac1 {[%clk 1:06:49]} Qb6+ {[%clk 1:11:49]} 16. Kh1 {[%clk 1:03:22]} Rfe8
{[%clk 1:08:00]} 17. a5 {[%clk 0:59:56]} Qd8 {[%clk 1:08:01]} 18. Bxf4 {[%clk
0:50:31]} d5 {[%clk 1:03:25]} 19. e5 {[%clk 0:33:36]} Nh5 {[%clk 0:52:45]} 20.
Nxd5 {[%clk 0:30:25]} Nxf4 {[%clk 0:50:22]} 21. Nxf4 {[%clk 0:30:51]} Bxb4 {[%clk
0:48:49]} 22. Qe4 {[%clk 0:26:06]} Ba3 {[%clk 0:44:58]} 23. Rc3 {[%clk 0:17:24]}
Bc6 {[%clk 0:40:49]} 24. Rxc6 {[%clk 0:10:36]} bxc6 {[%clk 0:41:11]} 25. d4
{[%clk 0:11:05]} Rc8 {[%clk 0:28:31]} 26. Qd3 {[%clk 0:11:01]} Bb2 {[%clk
0:24:39]} 27. e6 {[%clk 0:05:28]} fxe6 {[%clk 0:22:50]} 28. Qe2 {[%clk 0:05:12]}
Bxd4 {[%clk 0:20:37]} 29. Nxe6 {[%clk 0:05:23]} Bf6 {[%clk 0:20:05]} 30. Re1
{[%clk 0:03:22]} Qd5 {[%clk 0:19:09]} 31. Qxa6 {[%clk 0:03:46]} Qb5 {[%clk
0:10:57]} 32. Qa7 {[%clk 0:03:22]} Re7 {[%clk 0:11:00]} 33. Qg1 {[%clk 0:03:50]}
Qxa5 {[%clk 0:09:44]} 34. Nf4 {[%clk 0:01:34]} Rxe1 {[%clk 0:09:02]} 35. Nxe1
{[%clk 0:02:01]} Re8 {[%clk 0:08:02]} 36. Ned3 {[%clk 0:02:26]} Qa1 {[%clk
0:04:23]} 37. Qxa1 {[%clk 0:02:05]} Bxa1 {[%clk 0:04:51]} 38. g3 {[%clk 0:02:21]}
Bd4 {[%clk 0:03:40]} 0-1

[Event "Irena Warakomska Memorial 2019"]
[Site "Suwalki"]
[Date "2019.08.05"]
[Round "1"]
[White "Czopor, Maciej"]
[Black "Zakhartsov, Vladimir"]
[Result "0-1"]
[Board "14"]
[WhiteElo "2241"]
[WhiteCountry "POL"]
[WhiteFideId "21805431"]
[WhiteEloChange "-4"]
[BlackElo "2493"]
[BlackTitle "GM"]
[BlackCountry "RUS"]
[BlackFideId "4145097"]
[BlackEloChange "2"]

1. e4 {[%clk 1:30:57]} c5 {[%clk 1:30:49]} 2. Nf3 {[%clk 1:31:21]} d6 {[%clk
1:31:11]} 3. d4 {[%clk 1:31:43]} cxd4 {[%clk 1:31:33]} 4. Nxd4 {[%clk 1:32:04]}
Nf6 {[%clk 1:31:58]} 5. Nc3 {[%clk 1:32:26]} a6 {[%clk 1:32:23]} 6. Be3 {[%clk
1:32:37]} Ng4 {[%clk 1:32:37]} 7. Bg5 {[%clk 1:32:49]} h6 {[%clk 1:32:57]} 8. Bh4
{[%clk 1:33:12]} g5 {[%clk 1:33:13]} 9. Bg3 {[%clk 1:33:34]} Bg7 {[%clk 1:33:33]}
10. Be2 {[%clk 1:33:42]} Ne5 {[%clk 1:33:32]} 11. Qd2 {[%clk 1:23:10]} Nbc6
{[%clk 1:33:24]} 12. Nf5 {[%clk 1:19:21]} Bxf5 {[%clk 1:33:20]} 13. exf5 {[%clk
1:19:41]} Nd4 {[%clk 1:32:50]} 14. f4 {[%clk 1:14:58]} gxf4 {[%clk 1:29:01]} 15.
Bxf4 {[%clk 1:14:15]} Qc8 {[%clk 1:27:00]} 16. O-O-O {[%clk 1:06:43]} Nxe2+
{[%clk 1:25:09]} 17. Qxe2 {[%clk 1:05:24]} Qxf5 {[%clk 1:25:19]} 18. Rhf1 {[%clk
0:56:46]} Rc8 {[%clk 1:22:33]} 19. Kb1 {[%clk 0:54:47]} Qe6 {[%clk 1:21:18]} 20.
Bc1 {[%clk 0:37:50]} Nc4 {[%clk 1:17:55]} 21. Qxe6 {[%clk 0:37:13]} fxe6 {[%clk
1:18:18]} 22. Ne2 {[%clk 0:37:27]} Kd7 {[%clk 1:15:20]} 23. Nf4 {[%clk 0:34:42]}
Rc6 {[%clk 1:13:38]} 24. b3 {[%clk 0:32:45]} Rhc8 {[%clk 1:13:00]} 25. Nh5 {[%clk
0:32:02]} Bh8 {[%clk 1:12:28]} 26. Rf2 {[%clk 0:29:49]} d5 {[%clk 1:12:19]} 27.
a4 {[%clk 0:23:47]} Nd6 {[%clk 1:10:50]} 28. Re2 {[%clk 0:23:19]} b5 {[%clk
1:10:40]} 29. a5 {[%clk 0:21:07]} b4 {[%clk 1:10:49]} 30. Bb2 {[%clk 0:20:36]}
Nb5 {[%clk 1:11:02]} 31. Rd3 {[%clk 0:18:43]} Nc3+ {[%clk 1:09:31]} 32. Bxc3
{[%clk 0:19:07]} Bxc3 {[%clk 1:09:59]} 33. Ng3 {[%clk 0:19:04]} Ke8 {[%clk
1:09:21]} 34. Ree3 {[%clk 0:17:46]} Bf6 {[%clk 1:08:40]} 35. Re2 {[%clk 0:15:44]}
Rc5 {[%clk 1:08:54]} 36. Nh5 {[%clk 0:14:10]} Bh8 {[%clk 1:07:49]} 37. Kc1 {[%clk
0:13:26]} Rxa5 {[%clk 1:07:20]} 38. Rg3 {[%clk 0:13:00]} Bc3 {[%clk 1:06:57]} 0-1

[Event "Irena Warakomska Memorial 2019"]
[Site "Suwalki"]
[Date "2019.08.05"]
[Round "1"]
[White "Pavlov, Sergey"]
[Black "Antolak, Julia"]
[Result "1/2-1/2"]
[Board "15"]
[WhiteElo "2491"]
[WhiteTitle "IM"]
[WhiteCountry "UKR"]
[WhiteFideId "14114330"]
[WhiteEloChange "-3"]
[BlackElo "2240"]
[BlackTitle "WIM"]
[BlackCountry "POL"]
[BlackFideId "1159569"]
[BlackEloChange "6"]

1. Nf3 {[%clk 1:29:41]} c5 {[%clk 1:30:33]} 2. c4 {[%clk 1:29:17]} Nf6 {[%clk
1:29:45]} 3. Nc3 {[%clk 1:29:06]} Nc6 {[%clk 1:29:46]} 4. e3 {[%clk 1:25:04]} e6
{[%clk 1:29:26]} 5. d4 {[%clk 1:25:10]} d5 {[%clk 1:29:25]} 6. a3 {[%clk
1:24:32]} a6 {[%clk 1:29:18]} 7. dxc5 {[%clk 1:23:04]} Bxc5 {[%clk 1:19:29]} 8.
b4 {[%clk 1:22:53]} Be7 {[%clk 1:19:47]} 9. Bb2 {[%clk 1:21:37]} O-O {[%clk
1:14:05]} 10. cxd5 {[%clk 1:12:57]} exd5 {[%clk 1:11:55]} 11. Be2 {[%clk
1:12:34]} Bg4 {[%clk 1:07:32]} 12. O-O {[%clk 1:10:38]} Qd7 {[%clk 1:03:48]} 13.
Na4 {[%clk 1:00:25]} Rad8 {[%clk 1:00:19]} 14. Nc5 {[%clk 0:52:08]} Qc7 {[%clk
0:47:11]} 15. Rc1 {[%clk 0:38:57]} Ne4 {[%clk 0:38:14]} 16. Nxe4 {[%clk 0:23:35]}
dxe4 {[%clk 0:38:29]} 17. Nd4 {[%clk 0:22:51]} Bxe2 {[%clk 0:31:47]} 18. Qxe2
{[%clk 0:23:11]} Bf6 {[%clk 0:25:35]} 19. Qc2 {[%clk 0:15:02]} Bxd4 {[%clk
0:22:37]} 20. Bxd4 {[%clk 0:15:19]} Rfe8 {[%clk 0:21:28]} 21. Qc3 {[%clk
0:11:13]} f6 {[%clk 0:20:02]} 22. Rfd1 {[%clk 0:09:33]} Qf7 {[%clk 0:19:39]} 23.
Bb6 {[%clk 0:07:38]} Rxd1+ {[%clk 0:17:40]} 24. Rxd1 {[%clk 0:08:03]} h6 {[%clk
0:16:58]} 25. h3 {[%clk 0:07:35]} Re5 {[%clk 0:14:31]} 26. Bc5 {[%clk 0:05:14]}
Rg5 {[%clk 0:10:07]} 27. Bd6 {[%clk 0:05:13]} Rd5 {[%clk 0:09:51]} 28. Qb3 {[%clk
0:03:24]} Rxd1+ {[%clk 0:09:06]} 29. Qxd1 {[%clk 0:03:49]} Qe6 {[%clk 0:09:02]}
30. Bf4 {[%clk 0:02:17]} Kh7 {[%clk 0:05:00]} 31. Qh5 {[%clk 0:01:39]} Qd7 {[%clk
0:03:38]} 32. Qc5 {[%clk 0:01:20]} Ne7 {[%clk 0:03:01]} 33. Kh2 {[%clk 0:00:57]}
Nd5 {[%clk 0:02:52]} 34. Bg3 {[%clk 0:00:41]} f5 {[%clk 0:01:39]} 35. Be5 {[%clk
0:00:49]} Ne7 {[%clk 0:01:02]} 36. Bc3 {[%clk 0:00:40]} Nd5 {[%clk 0:00:51]} 37.
Be5 {[%clk 0:00:52]} Ne7 {[%clk 0:01:18]} 38. Bb2 {[%clk 0:00:44]} Nd5 {[%clk
0:00:39]} 39. Qf8 {[%clk 0:00:47]} Nb6 {[%clk 0:00:51]} 40. Bd4 {[%clk 0:30:36]}
Nc4 {[%clk 0:30:49]} 41. a4 {[%clk 0:29:11]} 1/2-1/2

[Event "Irena Warakomska Memorial 2019"]
[Site "Suwalki"]
[Date "2019.08.05"]
[Round "1"]
[White "Shpanko, Nadiia"]
[Black "Harsha Bharathakoti"]
[Result "1/2-1/2"]
[Board "16"]
[WhiteElo "2233"]
[WhiteTitle "WFM"]
[WhiteCountry "UKR"]
[WhiteFideId "14132400"]
[WhiteEloChange "6"]
[BlackElo "2489"]
[BlackTitle "GM"]
[BlackCountry "IND"]
[BlackFideId "5078776"]
[BlackEloChange "-3"]

1. e4 {[%clk 1:30:57]} c6 {[%clk 1:29:29]} 2. d4 {[%clk 1:27:13]} d5 {[%clk
1:29:52]} 3. Nc3 {[%clk 1:27:05]} dxe4 {[%clk 1:29:39]} 4. Nxe4 {[%clk 1:27:31]}
Nf6 {[%clk 1:29:49]} 5. Nxf6+ {[%clk 1:27:18]} exf6 {[%clk 1:30:08]} 6. Nf3
{[%clk 1:25:52]} Bd6 {[%clk 1:27:34]} 7. Be2 {[%clk 1:24:25]} O-O {[%clk
1:27:26]} 8. O-O {[%clk 1:24:43]} Re8 {[%clk 1:25:21]} 9. Re1 {[%clk 1:23:56]}
Bg4 {[%clk 1:23:17]} 10. h3 {[%clk 1:18:36]} Bh5 {[%clk 1:19:27]} 11. Nh4 {[%clk
1:18:36]} Bxe2 {[%clk 1:19:36]} 12. Rxe2 {[%clk 1:17:44]} Nd7 {[%clk 1:19:31]}
13. Nf5 {[%clk 1:09:45]} Bc7 {[%clk 1:18:16]} 14. Rxe8+ {[%clk 1:08:03]} Qxe8
{[%clk 1:18:39]} 15. Nxg7 {[%clk 1:05:36]} Qe4 {[%clk 1:15:12]} 16. Nh5 {[%clk
1:01:52]} Kh8 {[%clk 1:11:56]} 17. g3 {[%clk 0:50:03]} Rg8 {[%clk 1:07:26]} 18.
Kh2 {[%clk 0:44:47]} Re8 {[%clk 1:05:10]} 19. Bf4 {[%clk 0:41:17]} Bxf4 {[%clk
1:04:24]} 20. Nxf4 {[%clk 0:41:42]} Nb6 {[%clk 1:04:10]} 21. Nh5 {[%clk 0:33:12]}
Nc4 {[%clk 0:49:39]} 22. Rb1 {[%clk 0:18:02]} Rd8 {[%clk 0:27:56]} 23. Nxf6
{[%clk 0:16:05]} Qf5 {[%clk 0:26:55]} 24. Ng4 {[%clk 0:14:53]} h5 {[%clk
0:27:20]} 25. Ne3 {[%clk 0:11:30]} Qxf2+ {[%clk 0:27:14]} 26. Ng2 {[%clk
0:11:51]} Rxd4 {[%clk 0:19:27]} 27. Qxh5+ {[%clk 0:12:04]} Kg7 {[%clk 0:19:55]}
28. Qg5+ {[%clk 0:11:35]} Kh7 {[%clk 0:20:11]} 29. Qh5+ {[%clk 0:08:26]} Kg7
{[%clk 0:19:28]} 30. Qg5+ {[%clk 0:08:50]} Kh7 {[%clk 0:19:51]} 31. Qh5+ {[%clk
0:08:53]} 1/2-1/2

[Event "Irena Warakomska Memorial 2019"]
[Site "Suwalki"]
[Date "2019.08.05"]
[Round "1"]
[White "Janik, Igor"]
[Black "Jaroch, Karol"]
[Result "1-0"]
[Board "17"]
[WhiteElo "2483"]
[WhiteTitle "IM"]
[WhiteCountry "POL"]
[WhiteFideId "1159259"]
[WhiteEloChange "2"]
[BlackElo "2231"]
[BlackCountry "POL"]
[BlackFideId "1130609"]
[BlackEloChange "-4"]

1. d4 {[%clk 1:30:56]} e6 {[%clk 1:30:46]} 2. c4 {[%clk 1:31:16]} Nf6 {[%clk
1:31:00]} 3. g3 {[%clk 1:31:37]} Bb4+ {[%clk 1:31:09]} 4. Nd2 {[%clk 1:31:36]}
O-O {[%clk 1:31:04]} 5. Bg2 {[%clk 1:31:43]} d5 {[%clk 1:29:32]} 6. Nf3 {[%clk
1:31:58]} Re8 {[%clk 1:16:37]} 7. O-O {[%clk 1:32:08]} Nbd7 {[%clk 1:16:50]} 8.
Qc2 {[%clk 1:31:27]} Bf8 {[%clk 1:04:39]} 9. Rd1 {[%clk 1:25:35]} c5 {[%clk
1:02:20]} 10. dxc5 {[%clk 1:22:38]} Nxc5 {[%clk 1:01:01]} 11. b4 {[%clk 1:16:06]}
Ncd7 {[%clk 1:00:38]} 12. a3 {[%clk 1:08:11]} a5 {[%clk 0:56:52]} 13. Rb1 {[%clk
1:07:17]} axb4 {[%clk 0:56:59]} 14. axb4 {[%clk 1:07:38]} b6 {[%clk 0:50:05]} 15.
e4 {[%clk 1:06:32]} Qc7 {[%clk 0:50:24]} 16. Bb2 {[%clk 0:58:57]} Bb7 {[%clk
0:44:09]} 17. e5 {[%clk 0:47:39]} Ng4 {[%clk 0:44:29]} 18. Qc3 {[%clk 0:47:49]}
Rec8 {[%clk 0:37:55]} 19. Rbc1 {[%clk 0:43:31]} Qd8 {[%clk 0:31:20]} 20. Qd4
{[%clk 0:35:05]} Nh6 {[%clk 0:30:40]} 21. Nh4 {[%clk 0:35:02]} Ra4 {[%clk
0:23:49]} 22. Bc3 {[%clk 0:34:49]} Nb8 {[%clk 0:11:51]} 23. cxd5 {[%clk 0:31:38]}
Bxd5 {[%clk 0:12:04]} 24. Bxd5 {[%clk 0:28:42]} Qxd5 {[%clk 0:12:29]} 25. Qxb6
{[%clk 0:27:55]} Nd7 {[%clk 0:12:54]} 26. Qe3 {[%clk 0:27:06]} Ng4 {[%clk
0:07:29]} 27. Qe2 {[%clk 0:26:20]} Ngxe5 {[%clk 0:07:29]} 28. Nf1 {[%clk
0:22:56]} Ra2 {[%clk 0:07:21]} 29. Qh5 {[%clk 0:17:20]} g6 {[%clk 0:02:54]} 30.
Rxd5 {[%clk 0:15:50]} gxh5 {[%clk 0:03:22]} 31. Bxe5 {[%clk 0:14:42]} Nxe5 {[%clk
0:02:22]} 32. Rxc8 {[%clk 0:13:50]} exd5 {[%clk 0:02:48]} 33. Rd8 {[%clk
0:10:57]} Nc6 {[%clk 0:01:12]} 34. Rxd5 {[%clk 0:11:16]} Nxb4 {[%clk 0:01:34]}
35. Rg5+ {[%clk 0:09:32]} Kh8 {[%clk 0:02:00]} 36. Rxh5 {[%clk 0:09:47]} Nd3
{[%clk 0:01:58]} 37. Rf5 {[%clk 0:09:46]} Bc5 {[%clk 0:02:18]} 38. Ne3 {[%clk
0:09:49]} Bxe3 {[%clk 0:01:10]} 39. fxe3 {[%clk 0:10:14]} Kg7 {[%clk 0:01:36]}
40. Rg5+ {[%clk 0:36:05]} Kf6 {[%clk 0:31:59]} 41. Rf5+ {[%clk 0:35:51]} Kg7
{[%clk 0:32:08]} 42. Rf1 {[%clk 0:35:05]} Ne5 {[%clk 0:26:56]} 43. h3 {[%clk
0:33:30]} Nc4 {[%clk 0:25:47]} 44. Nf5+ {[%clk 0:32:05]} Kg6 {[%clk 0:26:15]} 45.
g4 {[%clk 0:31:15]} Re2 {[%clk 0:26:29]} 46. Rf4 {[%clk 0:29:50]} Ne5 {[%clk
0:23:35]} 47. Nh4+ {[%clk 0:29:18]} Kg7 {[%clk 0:21:50]} 48. Ng2 {[%clk 0:29:39]}
Nd3 {[%clk 0:21:44]} 49. Rf1 {[%clk 0:28:37]} f6 {[%clk 0:20:27]} 50. Kh2 {[%clk
0:28:15]} Ra2 {[%clk 0:19:00]} 51. Kg3 {[%clk 0:28:33]} Nc5 {[%clk 0:18:44]} 52.
Rf4 {[%clk 0:27:15]} Ne6 {[%clk 0:15:44]} 53. Re4 {[%clk 0:26:54]} Kf7 {[%clk
0:15:55]} 54. Rb4 {[%clk 0:27:19]} Ra7 {[%clk 0:16:06]} 55. Nh4 {[%clk 0:27:24]}
Ng7 {[%clk 0:16:04]} 56. Rb5 {[%clk 0:27:17]} Re7 {[%clk 0:14:27]} 57. Kf3 {[%clk
0:27:16]} Ra7 {[%clk 0:13:53]} 58. Ng2 {[%clk 0:27:18]} Ne6 {[%clk 0:13:14]} 59.
h4 {[%clk 0:26:35]} Rc7 {[%clk 0:12:38]} 60. Ne1 {[%clk 0:25:08]} Nc5 {[%clk
0:12:43]} 61. Nc2 {[%clk 0:24:08]} Nd7 {[%clk 0:08:26]} 62. Nd4 {[%clk 0:24:17]}
Ne5+ {[%clk 0:08:49]} 63. Kg3 {[%clk 0:23:16]} Rc1 {[%clk 0:09:10]} 64. Nf5
{[%clk 0:21:08]} Rg1+ {[%clk 0:07:21]} 65. Kf2 {[%clk 0:21:18]} Rh1 {[%clk
0:07:29]} 66. Rb7+ {[%clk 0:21:13]} Kf8 {[%clk 0:07:34]} 67. Kg2 {[%clk 0:20:43]}
Re1 {[%clk 0:07:43]} 68. g5 {[%clk 0:17:25]} fxg5 {[%clk 0:07:19]} 69. hxg5
{[%clk 0:17:53]} Nc4 {[%clk 0:07:08]} 70. Kf3 {[%clk 0:16:20]} Rh1 {[%clk
0:01:22]} 71. Rc7 {[%clk 0:15:49]} Ne5+ {[%clk 0:00:58]} 72. Ke4 {[%clk 0:16:03]}
Ng6 {[%clk 0:01:15]} 73. Kd5 {[%clk 0:15:57]} Ra1 {[%clk 0:00:43]} 74. Rxh7
{[%clk 0:12:02]} Ra5+ {[%clk 0:01:11]} 75. Ke6 {[%clk 0:12:24]} Ra6+ {[%clk
0:01:18]} 76. Nd6 {[%clk 0:12:48]} Kg8 {[%clk 0:01:41]} 77. Rb7 {[%clk 0:12:19]}
Nf8+ {[%clk 0:01:56]} 78. Ke5 {[%clk 0:12:04]} Ra5+ {[%clk 0:01:40]} 79. Nb5
{[%clk 0:12:20]} Ra1 {[%clk 0:02:05]} 80. Nd4 {[%clk 0:11:55]} Rg1 {[%clk
0:01:35]} 81. Nf3 {[%clk 0:11:18]} Rf1 {[%clk 0:01:36]} 82. Ke4 {[%clk 0:11:01]}
Rf2 {[%clk 0:01:14]} 83. Kf4 {[%clk 0:07:53]} Ne6+ {[%clk 0:01:20]} 84. Kg3
{[%clk 0:08:22]} Re2 {[%clk 0:01:37]} 85. Rb3 {[%clk 0:08:24]} Kg7 {[%clk
0:00:51]} 86. Kg4 {[%clk 0:08:29]} Rf2 {[%clk 0:00:53]} 87. Rb6 {[%clk 0:07:33]}
Nc5 {[%clk 0:01:17]} 88. Rc6 {[%clk 0:07:19]} Nd3 {[%clk 0:01:13]} 89. Rc7+
{[%clk 0:07:40]} Kg8 {[%clk 0:01:36]} 90. Rc3 {[%clk 0:07:35]} Nb2 {[%clk
0:00:47]} 91. e4 {[%clk 0:07:37]} Na4 {[%clk 0:01:05]} 92. Rc8+ {[%clk 0:07:46]}
Kg7 {[%clk 0:01:28]} 93. Rc7+ {[%clk 0:08:07]} Kg8 {[%clk 0:01:56]} 94. Nd4
{[%clk 0:07:53]} Nb2 {[%clk 0:01:18]} 95. Rc3 {[%clk 0:07:07]} Nd1 {[%clk
0:01:27]} 96. Rc8+ {[%clk 0:07:32]} Kf7 {[%clk 0:01:48]} 97. Rc7+ {[%clk
0:08:00]} Ke8 {[%clk 0:01:53]} 98. g6 {[%clk 0:06:11]} Rg2+ {[%clk 0:01:52]} 99.
Kf5 {[%clk 0:06:28]} Ne3+ {[%clk 0:02:10]} 100. Kf6 {[%clk 0:06:45]} Rf2+ {[%clk
0:01:14]} 101. Ke6 {[%clk 0:07:09]} Kf8 {[%clk 0:01:09]} 102. Nf5 {[%clk
0:07:33]} 1-0

[Event "Irena Warakomska Memorial 2019"]
[Site "Suwalki"]
[Date "2019.08.05"]
[Round "1"]
[White "Dzhuguryan, Tygran"]
[Black "Karthik Venkataraman"]
[Result "0-1"]
[Board "18"]
[WhiteElo "2229"]
[WhiteCountry "POL"]
[WhiteFideId "21872988"]
[WhiteEloChange "-4"]
[BlackElo "2462"]
[BlackTitle "GM"]
[BlackCountry "IND"]
[BlackFideId "25006479"]
[BlackEloChange "2"]

1. c4 {[%clk 1:30:56]} e5 {[%clk 1:30:37]} 2. Nc3 {[%clk 1:31:11]} Bb4 {[%clk
1:30:54]} 3. g3 {[%clk 1:30:10]} Bxc3 {[%clk 1:30:59]} 4. bxc3 {[%clk 1:29:35]}
Nc6 {[%clk 1:30:53]} 5. Bg2 {[%clk 1:29:24]} Nf6 {[%clk 1:29:47]} 6. e4 {[%clk
1:28:19]} d6 {[%clk 1:30:05]} 7. d3 {[%clk 1:27:25]} a6 {[%clk 1:29:26]} 8. a4
{[%clk 1:23:29]} Nd7 {[%clk 1:28:43]} 9. a5 {[%clk 1:19:44]} O-O {[%clk 1:27:48]}
10. Nf3 {[%clk 1:18:58]} Nc5 {[%clk 1:26:04]} 11. Nh4 {[%clk 1:19:05]} Ne7 {[%clk
1:26:23]} 12. d4 {[%clk 1:15:23]} Nd7 {[%clk 1:26:05]} 13. O-O {[%clk 1:15:23]}
b5 {[%clk 1:20:37]} 14. Bg5 {[%clk 1:14:59]} bxc4 {[%clk 1:17:12]} 15. Qa4 {[%clk
1:12:58]} h6 {[%clk 1:17:22]} 16. Be3 {[%clk 1:12:41]} Nf6 {[%clk 1:17:29]} 17.
dxe5 {[%clk 1:12:13]} dxe5 {[%clk 1:17:19]} 18. Rfd1 {[%clk 1:11:02]} Bd7 {[%clk
1:17:25]} 19. Qxc4 {[%clk 1:11:15]} Be6 {[%clk 1:15:28]} 20. Qc5 {[%clk 1:04:08]}
Nd7 {[%clk 1:14:45]} 21. Qa3 {[%clk 1:04:34]} Re8 {[%clk 1:14:17]} 22. Bc5 {[%clk
1:04:29]} Nc6 {[%clk 1:13:56]} 23. Nf5 {[%clk 1:04:04]} Rb8 {[%clk 1:12:52]} 24.
Bf1 {[%clk 0:53:42]} Qc8 {[%clk 1:06:05]} 25. Be3 {[%clk 0:52:38]} Nf6 {[%clk
1:02:46]} 26. Qc5 {[%clk 0:50:30]} Bxf5 {[%clk 1:01:24]} 27. exf5 {[%clk
0:50:43]} Ne7 {[%clk 1:01:49]} 28. Ra4 {[%clk 0:38:13]} Nxf5 {[%clk 1:01:03]} 29.
Bh3 {[%clk 0:37:01]} Rb5 {[%clk 1:00:45]} 30. Qc6 {[%clk 0:34:25]} e4 {[%clk
0:57:31]} 31. Rc4 {[%clk 0:27:06]} Rd8 {[%clk 0:48:56]} 32. Ra1 {[%clk 0:20:24]}
Rbd5 {[%clk 0:48:02]} 33. Qxc7 {[%clk 0:18:38]} Rd1+ {[%clk 0:47:22]} 34. Rxd1
{[%clk 0:19:05]} Rxd1+ {[%clk 0:47:47]} 35. Bf1 {[%clk 0:19:10]} Qxc7 {[%clk
0:47:55]} 36. Rxc7 {[%clk 0:19:37]} Nxe3 {[%clk 0:48:20]} 37. fxe3 {[%clk
0:19:07]} Ng4 {[%clk 0:48:46]} 38. h3 {[%clk 0:07:45]} Nxe3 {[%clk 0:48:58]} 39.
Kf2 {[%clk 0:08:10]} Nxf1 {[%clk 0:49:21]} 40. g4 {[%clk 0:36:55]} Ra1 {[%clk
1:19:30]} 41. Rd7 {[%clk 0:35:25]} e3+ {[%clk 1:19:31]} 42. Ke2 {[%clk 0:34:58]}
Nd2 {[%clk 1:19:49]} 0-1

[Event "Irena Warakomska Memorial 2019"]
[Site "Suwalki"]
[Date "2019.08.05"]
[Round "1"]
[White "Galperin, Platon"]
[Black "Bukojemski, Adam"]
[Result "1-0"]
[Board "19"]
[WhiteElo "2459"]
[WhiteCountry "UKR"]
[WhiteFideId "14165414"]
[WhiteEloChange "2"]
[BlackElo "2225"]
[BlackCountry "POL"]
[BlackFideId "1114620"]
[BlackEloChange "-4"]

1. c4 {[%clk 1:30:57]} Nf6 {[%clk 1:30:50]} 2. Nc3 {[%clk 1:31:11]} e5 {[%clk
1:31:01]} 3. Nf3 {[%clk 1:30:06]} Nc6 {[%clk 1:31:24]} 4. e3 {[%clk 1:28:45]} Bb4
{[%clk 1:25:58]} 5. Qc2 {[%clk 1:27:51]} O-O {[%clk 1:24:21]} 6. Nd5 {[%clk
1:28:19]} Re8 {[%clk 1:20:20]} 7. Ng5 {[%clk 1:25:31]} g6 {[%clk 1:06:37]} 8. h4
{[%clk 1:25:59]} Bf8 {[%clk 1:06:23]} 9. a3 {[%clk 1:26:11]} h6 {[%clk 1:03:37]}
10. Nxf6+ {[%clk 1:26:35]} Qxf6 {[%clk 1:04:04]} 11. Ne4 {[%clk 1:27:02]} Qg7
{[%clk 0:57:18]} 12. h5 {[%clk 1:22:57]} f5 {[%clk 0:44:28]} 13. Nc3 {[%clk
1:16:34]} d6 {[%clk 0:40:56]} 14. hxg6 {[%clk 1:16:11]} Be6 {[%clk 0:38:06]} 15.
b3 {[%clk 1:05:14]} Ne7 {[%clk 0:33:12]} 16. Bb2 {[%clk 1:05:35]} c6 {[%clk
0:33:27]} 17. O-O-O {[%clk 1:02:11]} b5 {[%clk 0:31:43]} 18. f4 {[%clk 1:00:30]}
bxc4 {[%clk 0:31:25]} 19. bxc4 {[%clk 1:00:32]} Nxg6 {[%clk 0:31:01]} 20. g4
{[%clk 1:00:21]} Qf7 {[%clk 0:29:09]} 21. gxf5 {[%clk 0:54:17]} Bxf5 {[%clk
0:29:01]} 22. Bd3 {[%clk 0:54:11]} e4 {[%clk 0:11:34]} 23. Nxe4 {[%clk 0:53:12]}
Bg7 {[%clk 0:11:49]} 24. Nxd6 {[%clk 0:50:45]} Bxd3 {[%clk 0:11:23]} 25. Qxd3
{[%clk 0:51:11]} Bxb2+ {[%clk 0:11:25]} 26. Kc2 {[%clk 0:50:13]} Qf6 {[%clk
0:08:48]} 27. Nxe8 {[%clk 0:50:18]} Rxe8 {[%clk 0:09:11]} 28. Rxh6 {[%clk
0:50:15]} Kg7 {[%clk 0:09:23]} 29. Qxg6+ {[%clk 0:50:07]} Qxg6+ {[%clk 0:09:48]}
30. Rxg6+ {[%clk 0:50:33]} Kxg6 {[%clk 0:10:13]} 31. Kxb2 {[%clk 0:50:59]} 1-0